000 00675nam a2200241Ia 4500
003 OSt
005 20220926020653.0
006 a|||||r|||| 00| 0
007 ta
008 220923b |||||||| |||| 00| 0 eng d
037 _cGeneral Book
040 _aRTL
_cRTL
_beng
041 _2eng
_aeng
082 _aS:40g(G:55), L3
100 _aIttelson William H Ed.
_9322943
245 0 _aEnvironment and cognition
260 _aNew York
_bSeminar Press USA
_c1973
300 _axii, 187p
_ccm.
500 _aBibliography: P 169-79
650 _aPsychology
942 _hS:40g(G:55), L3
_cGB
_2CC
999 _c634757
_d634757